000 00294 a2200133 4500
000 nam a22 7a 4500
100 _aBanerjee, Arindam
110 _aBanerjee, Arindam
245 _aPythonic AI
250 _aLatest edition
260 _bBPB
_c2023
264 _bBPB
_c2023
942 _cBK
999 _c312614
_d312614